000 00631nam a22002177a 4500
003 OSt
005 20181004190947.0
008 181004b xxu||||| |||| 00| 0 eng d
020 _a9781608312702
040 _cDNLM
082 _aQV38 P34d 2011
100 _aGolan, David E. [et...al]
_912719
245 _aPrinciples of Pharmacology: the pathophysiologic basis of drug therapy
250 _a3rd ed.
260 _aPhiladelphia; Wolters kluwer, 2011
300 _axxi,954p; col.ill: 28cm
504 _aReferences, credit, & index included
650 _aPharmacology
_9357
650 _aDrug therapy
_91631
942 _2z
_cSLOAN
999 _c6160
_d6160